000 00382nam a2200133Ia 4500
003 GCL
008 140319s9999 xx 000 0 eng d
040 _aGCL /
_cGCL
082 0 4 _aCC
_b726.5
_bS E
100 1 _aSOCIETE D'ARCHOLOGIE COPTE
245 1 0 _aEXPOSITION D'ART COPTE /
_cSOCIETE D'ARCHOLOGIE COPTE
260 _a[S.N] :
_bSOCIETE D'ARCHEOLOGIE COPTE ،
_c1944
300 _a297 P
999 _c19629
_d19629